000 00442nam a2200181Ia 4500
001 13773
005 20260306164825.0
008 260306t2006||||xx |||||||||||||| ||spa||
041 _aESP
082 _a005.133J
_bF85
100 _aFroufe Quintas, Agustín
_eAUT
245 0 _aJava 2:
_bmanual de usuario y tutorial
260 _c2006
300 _a832 páginas :
_c23 cm.
650 _aGEN
654 _aCCC
942 _cLIB
_dJUS
_fJUS
_2ddc
_n
999 _c13773
_d13773